000
00297nam a2200109 4500
999
_c
13627
_d
13627
008
190329b ||||| |||| 00| 0 eng d
245
_a
Doing business made easy? hopefully.
260
_a
Philippines
_b
Manila Bulletin
_c
c2018
300
_a
page B-7.
650
0
_9
37964
_a
Business.
942
_2
ddc
_c
PER